El Estudio de las relaciones internacionales en Centroamérica: un ensayo bibliográfico de fuentes y tendencias

Sparad:
Bibliografiska uppgifter
Huvudupphovsman: Araya Montezuma, Andrés
Materialtyp: Text
Publicerad: San José: CSUCA
Taggar: Lägg till en tagg
Inga taggar, Lägg till första taggen!

MARC

LEADER 00000 a a2200000 04500
001 22889
003
040
090 |a 158000  
100 |a Araya Montezuma, Andrés  
245 |a El Estudio de las relaciones internacionales en Centroamérica: un ensayo bibliográfico de fuentes y tendencias  
260 |a San José:   |b CSUCA  
300 |a 44 p  
999 |c 8389  |d 8389